000 01668cam a22004694i 4500
003 PE-LiUPU
005 20250731172857.0
008 161018s1997 bl a r 000 0 spa d
035 _a(Sirsi) a164333
040 _aPE-LiUPU
_bspa
_cPE-LiUPU
_erda
049 _aPRUA
082 0 4 _a268.6
_bC8
_220
245 1 0 _aCristo nas salas de aula :
_buma abordagem Adventista sobre integraçao fé e ensino /
_cRenato Gross [organizador].
264 1 _aEngenheiro Coelho, SP :
_bImpresa Universitária Adventista,
_c1997.
300 _aIX, 298 páginas ;
_c21 centímetros.
336 _atext
_2rdacontent
337 _aunmediated
_2rdamedia
338 _avolume
_2rdacarrier
490 0 _aCristo nas salas de aula ;
_v1.
504 _aBibliografía : al final de cada capítulo.
505 0 _aCristo nas salas de aula.
526 _aSEG42
526 _aSEG41
526 _aSEG40
526 _aSEG39
526 _aP94
526 _aP87
526 _aP86
526 _aP85
526 _aP77
526 _aP76
526 _aP35
650 0 4 _aEducación Religiosa.
650 0 4 _aMétodos de instrucción religiosa
910 _ajck
_bncf
_cncf
_d20161018
942 _2ddc
_cBOOK
949 _a268.6 C8
_wDEWEY
_c1
_i75136
_lCCODEBUL1
_mBUL
_p5.00
_r0
_sY
_tBOOK
_u2016-10-18
_xTEOLOGIA
_PP35
_0DONACION
_o.STAFF. Colección Teología
994 _aC0
_bPEPRU
596 _a1
999 _a268.6 C8
_wDEWEY
_c13159
_i75136
_f2021-11-10
_g5
_lCCODEBUL1
_mBUL
_p12.00
_r0
_sY
_tBOOK
_u2016-10-18
_xTEOLOGIA
_PP35
_0COMPRA
_o.STAFF. Colección Teología
_d13159
980 _81
_gALBERTO SANCHEZ Responsable de Automatización